[Event "TOP 16 2010"]
[Site "Guingamp"]
[Date "2010.06.03"]
[Round "8.3"]
[White "Nguyen, Chi-Minh"]
[Black "Svetushkin, Dmitry"]
[Result "0-1"]
[WhiteElo "2406"]
[BlackElo "2547"]
[PlyCount "72"]
[EventDate "3.??.??"]
[WhiteTeam "Noyon"]
[BlackTeam "Metz Fischer"]

1. d4 d5 2. c4 c6 3. Nc3 Nf6 4. Nf3 dxc4 5. a4 Bf5 6. Ne5 Nbd7 7. Nxc4 Nb6 8.
Ne5 a5 9. f3 Nfd7 10. e4 Nxe5 11. dxe5 Be6 12. Be3 Qxd1+ 13. Kxd1 Nd7 14. Kc2
Nxe5 15. f4 Ng4 16. Bb6 g6 17. h3 Nf6 18. g4 Bg7 19. Rd1 Nd7 20. Be3 f5 21.
gxf5 gxf5 22. e5 Bh6 23. Rg1 O-O-O 24. Bd3 Nxe5 25. Be2 Ng6 26. Rdf1 Rd7 27. h4
Bf7 28. h5 Ne5 29. Bc1 Nc4 30. Rd1 Rg8 31. Rxg8+ Bxg8 32. Bd3 Nd6 33. Be3 Bc4
34. Bxc4 Nxc4 35. Bc1 Bg7 36. Ne2 Bf6 {Suite illisible} 0-1

[Event "TOP 16 2010"]
[Site "Guingamp"]
[Date "2010.06.03"]
[Round "8.4"]
[White "Koch, Jean-Rene"]
[Black "Housieaux, David"]
[Result "1/2-1/2"]
[WhiteElo "2483"]
[BlackElo "2431"]
[PlyCount "94"]
[EventDate "3.??.??"]
[WhiteTeam "Metz Fischer"]
[BlackTeam "Noyon"]

1. e4 e6 2. d3 d5 3. Nd2 Nf6 4. Ngf3 Nc6 5. c3 Bd6 6. g3 O-O 7. Bg2 a5 8. O-O
a4 9. Re1 dxe4 10. dxe4 e5 11. h3 Bc5 12. Qe2 b6 13. Rd1 Ba6 14. Qe1 Qe7 15.
Nh4 Bd3 16. Nf1 Rfd8 17. Nf5 Qe6 18. Bg5 h6 19. Bxf6 Qxf6 20. N1e3 Bxe3 21.
Nxe3 Ne7 22. Nd5 Nxd5 23. Rxd3 Ne7 24. Rad1 Rxd3 25. Rxd3 a3 26. b3 Nc6 27. Bf1
Na5 28. Qd1 Qc6 29. Qe1 Qe6 30. Rd5 c6 31. Rd1 b5 32. Qe3 Nxb3 33. axb3 a2 34.
Ra1 Qxb3 35. Qc1 c5 36. Be2 Ra3 37. Kg2 c4 38. Bd1 Qxc3 39. Qxc3 Rxc3 40. Rxa2
b4 41. Ra8+ Kh7 42. Kf1 b3 43. Rb8 Rc2 44. Ke1 c3 45. Rxb3 Rc1 46. Ke2 c2 47.
Bxc2 Rxc2+ 1/2-1/2

[Event "TOP 16 2010"]
[Site "Guingamp"]
[Date "2010.06.03"]
[Round "8.5"]
[White "Clery, Nicolas"]
[Black "Pucher, Sebastien"]
[Result "1-0"]
[WhiteElo "2377"]
[BlackElo "2271"]
[PlyCount "75"]
[EventDate "3.??.??"]
[WhiteTeam "Noyon"]
[BlackTeam "Metz Fischer"]

1. d4 Nf6 2. c4 g6 3. Nc3 d5 4. cxd5 Nxd5 5. e4 Nxc3 6. bxc3 Bg7 7. Be3 c5 8.
Rc1 Qa5 9. Qd2 cxd4 10. cxd4 Qxd2+ 11. Kxd2 O-O 12. Bd3 Nc6 13. Ne2 Rd8 14. Rc4
Na5 15. Rc5 Nc6 16. Rhc1 Nb4 17. Bb1 Na6 18. Rb5 b6 19. Bd3 Bb7 20. a4 e5 21.
d5 Bf8 22. Rcb1 Rdc8 23. a5 Bc5 24. axb6 axb6 25. Nc1 f5 26. f3 fxe4 27. fxe4
Bxe3+ 28. Kxe3 Nc5 29. Rxb6 Ra3 30. Ke2 Rc7 31. R1b5 Ra1 32. d6 Rc8 33. Rxc5
Rxc5 34. d7 Ra8 35. Rxb7 Kf7 36. Bb5 Ke7 37. Nd3 Ra2+ 38. Ke3 1-0

[Event "TOP 16 2010"]
[Site "Guingamp"]
[Date "2010.06.03"]
[Round "8.6"]
[White "Neiman, Emmanuel"]
[Black "Jens, Jelmer"]
[Result "1/2-1/2"]
[WhiteElo "2348"]
[BlackElo "2389"]
[PlyCount "95"]
[EventDate "3.??.??"]
[WhiteTeam "Metz Fischer"]
[BlackTeam "Noyon"]

1. d4 Nf6 2. c4 e6 3. Nf3 c5 4. d5 d6 5. Nc3 exd5 6. cxd5 g6 7. Bg5 h6 8. Bh4
g5 9. Bg3 Nh5 10. e3 Nxg3 11. hxg3 Bg7 12. Be2 Nd7 13. Nd2 O-O 14. Nde4 Nf6 15.
g4 Nxe4 16. Nxe4 Qb6 17. Qb3 Qxb3 18. axb3 Rd8 19. Ra2 Kf8 20. Ng3 Be5 21. Rxh6
Bxg3 22. fxg3 Ke7 23. Ra4 Bd7 24. Re4+ Kf8 25. Rxd6 Be8 26. Rh6 Kg7 27. Rh5 Kf6
28. Bf3 Bb5 29. d6 Bc6 30. Rc4 Rxd6 31. Rxc5 Rad8 32. Rh6+ Ke7 33. Re5+ Re6 34.
Rhxe6+ fxe6 35. Bxc6 bxc6 36. Rxg5 Rd3 37. Kf2 Rxb3 38. Rg7+ Kf6 39. Rxa7 Rxb2+
40. Kf3 c5 41. Rc7 Rc2 42. Ke4 c4 43. g5+ Kxg5 44. Ke5 Rxg2 45. Rxc4 Rxg3 46.
e4 Ra3 47. Rc7 Ra5+ 48. Kxe6 1/2-1/2

[Event "TOP 16 2010"]
[Site "Guingamp"]
[Date "2010.06.03"]
[Round "8.7"]
[White "Van Heirzeele, Daniel"]
[Black "Pucher, Olivier"]
[Result "0-1"]
[WhiteElo "2128"]
[BlackElo "2337"]
[PlyCount "80"]
[EventDate "3.??.??"]
[WhiteTeam "Noyon"]
[BlackTeam "Metz Fischer"]

1. d4 Nf6 2. c4 c5 3. d5 e6 4. g3 exd5 5. cxd5 d6 6. Nc3 g6 7. Bg2 Bg7 8. Nf3
O-O 9. O-O Re8 10. a4 a6 11. Nd2 Nbd7 12. Nc4 Ne5 13. Na3 Nh5 14. h3 Bd7 15.
Ne4 Qe7 16. f4 f5 17. fxe5 Bxe5 18. Bg5 Qg7 19. Nc3 Nxg3 20. Nc4 Nxf1 21. Qxf1
b5 22. Nxe5 Qxe5 23. Bf4 Qf6 24. a5 b4 25. Nd1 Bb5 26. Bf3 g5 27. Be3 Ra7 28.
Bg4 Rf8 29. Bh5 g4 30. hxg4 fxg4 31. Qxf6 Rxf6 32. Nf2 Bxe2 33. Ne4 Rf5 34. Re1
Bf3 35. Ng5 Rg7 36. Bd2 Rgxg5 37. Re8+ Kg7 38. Re7+ Kh6 39. Bf7 Bxd5 40. Bxd5
Rxd5 0-1

[Event "TOP 16 2010"]
[Site "Guingamp"]
[Date "2010.06.03"]
[Round "8.8"]
[White "Collas, Silvia"]
[Black "Assad, Karine"]
[Result "1-0"]
[WhiteElo "2314"]
[BlackElo "2048"]
[PlyCount "75"]
[EventDate "3.??.??"]
[WhiteTeam "Metz Fischer"]
[BlackTeam "Noyon"]

1. Nf3 Nf6 2. c4 c5 3. g3 g6 4. Bg2 Bg7 5. O-O O-O 6. d4 d6 7. Nc3 Nbd7 8. b3
Rb8 9. Bb2 b6 10. e4 cxd4 11. Nxd4 Bb7 12. Qe2 Ne8 13. Rad1 Nc7 14. f4 a6 15.
a4 Nc5 16. b4 N5e6 17. Nf3 a5 18. Nd5 axb4 19. Bxg7 Nxg7 20. Nd4 Nxd5 21. exd5
Qd7 22. Rb1 e5 23. Nc6 Rbe8 24. fxe5 dxe5 25. Rxb4 Bxc6 26. dxc6 Qd4+ 27. Qf2
Qxf2+ 28. Rxf2 e4 29. Rxb6 f5 30. Rd2 Ne6 31. Rd5 Ra8 32. a5 Rfc8 33. a6 Nd8
34. Rd6 Nf7 35. c5 Nxd6 36. cxd6 Kf8 37. c7 Ke8 38. Bf1 1-0

[Event "TOP 16 2010"]
[Site "Guingamp"]
[Date "2010.06.06"]
[Round "11.2"]
[White "Nezar, Mustapha"]
[Black "Fressinet, Laurent"]
[Result "0-1"]
[WhiteElo "2400"]
[BlackElo "2689"]
[PlyCount "128"]
[EventDate "6.??.??"]
[WhiteTeam "Vandoeuvre"]
[BlackTeam "Clichy"]

1. e4 e5 2. Nf3 Nc6 3. Bc4 Nf6 4. Ng5 d5 5. exd5 b5 6. Bxb5 Qxd5 7. Nc3 Qxg2 8.
Qf3 Qxf3 9. Nxf3 Bd7 10. d3 Nd4 11. Bxd7+ Kxd7 12. Nxd4 exd4 13. Ne2 Re8 14.
Kf1 c5 15. Bd2 Bd6 16. Ng3 Nd5 17. a3 g6 18. Ne4 Be7 19. Kg2 f5 20. Ng3 Bd6 21.
Rhe1 h5 22. Rxe8 Rxe8 23. Kf3 h4 24. Ne2 Nf6 25. h3 Ng4 26. Re1 Ne5+ 27. Kg2
Nf7 28. Ng1 Rb8 29. b3 g5 30. Nf3 Rh8 31. Rh1 Be7 32. Re1 Bf6 33. Nh2 Rg8 34.
Re2 Kd6 35. Re1 Kd5 36. Re2 Ne5 37. Re1 Ng6 38. Kh1 Be5 39. Nf3 g4 40. Ng1 Bf4
41. Bxf4 Nxf4 42. hxg4 fxg4 43. Re4 Rf8 44. Kh2 a5 45. a4 Kd6 46. Re1 Nh5 47.
f3 gxf3 48. Rf1 f2 49. Nh3 Nf6 50. Ng5 Ng4+ 51. Kh3 Ne3 52. Rxf2 Rxf2 53. Ne4+
Kd5 54. Nxf2 Nxc2 55. Kxh4 Na1 56. Nd1 Nxb3 57. Nb2 Nd2 58. Kg3 c4 59. dxc4+
Nxc4 60. Nd1 Ke4 61. Kf2 Kd3 62. Ke1 Kc2 63. Nf2 Nb2 64. Ke2 Nxa4 0-1

[Event "TOP 16 2010"]
[Site "Guingamp"]
[Date "2010.06.06"]
[Round "11.3"]
[White "Maze, Sebastien"]
[Black "Brunner, Nicolas"]
[Result "1/2-1/2"]
[WhiteElo "2564"]
[BlackElo "2443"]
[PlyCount "51"]
[EventDate "6.??.??"]
[WhiteTeam "Clichy"]
[BlackTeam "Vandoeuvre"]

1. d4 d5 2. c4 c6 3. Nf3 Nf6 4. Nc3 e6 5. Bg5 dxc4 6. e4 b5 7. e5 h6 8. Bh4 g5
9. Nxg5 hxg5 10. Bxg5 Nbd7 11. exf6 Bb7 12. g3 Qb6 13. Bg2 c5 14. d5 O-O-O 15.
O-O b4 16. Na4 Qb5 17. a3 Nb8 18. axb4 cxb4 19. Qd4 Nc6 20. Nb6+ axb6 21. dxc6
Bxc6 22. Bxc6 Qxc6 23. Qg4 Kb7 24. Rfc1 b5 25. b3 Bc5 26. h4 1/2-1/2

[Event "TOP 16 2010"]
[Site "Guingamp"]
[Date "2010.06.06"]
[Round "11.4"]
[White "Genzling, Alain"]
[Black "Pelletier, Yannick"]
[Result "1/2-1/2"]
[WhiteElo "2405"]
[BlackElo "2596"]
[PlyCount "57"]
[EventDate "6.??.??"]
[WhiteTeam "Vandoeuvre"]
[BlackTeam "Clichy"]

1. e4 c5 2. Nf3 e6 3. d4 cxd4 4. Nxd4 Nc6 5. Nc3 a6 6. g3 Nge7 7. Nb3 Na5 8.
Bg2 Nec6 9. O-O Be7 10. Nxa5 Qxa5 11. Bf4 O-O 12. Bd6 Bxd6 13. Qxd6 Qb4 14.
Qxb4 Nxb4 15. a3 Nxc2 16. Rad1 b5 17. Rd2 b4 18. Rxc2 bxc3 19. Rxc3 Bb7 20. Rc7
Bc6 21. e5 Rfb8 22. Rd1 Bxg2 23. Kxg2 Rxb2 24. Rdxd7 Rf8 25. Rc6 Rb5 26. Rxa6
Rxe5 27. Rd2 g5 28. h3 Rc8 29. Ra7 1/2-1/2

[Event "TOP 16 2010"]
[Site "Guingamp"]
[Date "2010.06.06"]
[Round "11.5"]
[White "Skripchenko, Almira"]
[Black "Philippe, Christophe"]
[Result "1/2-1/2"]
[WhiteElo "2464"]
[BlackElo "2424"]
[PlyCount "77"]
[EventDate "6.??.??"]
[WhiteTeam "Clichy"]
[BlackTeam "Vandoeuvre"]

1. e4 c5 2. Nf3 e6 3. c3 d5 4. exd5 Qxd5 5. d4 Nf6 6. Be2 cxd4 7. cxd4 Nc6 8.
Nc3 Qd6 9. O-O Be7 10. Nb5 Qd8 11. Bf4 Nd5 12. Bg3 a6 13. Nc3 O-O 14. Bc4 Nxc3
15. bxc3 b5 16. Bb3 Bb7 17. Qd3 g6 18. Rfe1 Bf6 19. Ne5 Nxe5 20. Bxe5 Bxe5 21.
Rxe5 Rc8 22. Rae1 Qc7 23. R1e3 Rfd8 24. h4 Bd5 25. h5 Kg7 26. Bxd5 Rxd5 27.
Rxd5 exd5 28. g3 Qd6 29. Re5 f6 30. Re2 Rc7 31. Qe3 gxh5 32. Kg2 Qd7 33. Re1
Qf5 34. Qe8 h4 35. Re7+ Rxe7 36. Qxe7+ Kg6 37. Qe8+ Kg7 38. Qe7+ Kg6 39. Qe8+
1/2-1/2

[Event "TOP 16 2010"]
[Site "Guingamp"]
[Date "2010.06.06"]
[Round "11.6"]
[White "Paci, Cedric"]
[Black "Lagarde, Maxime"]
[Result "0-1"]
[WhiteElo "2352"]
[BlackElo "2387"]
[PlyCount "58"]
[EventDate "6.??.??"]
[WhiteTeam "Vandoeuvre"]
[BlackTeam "Clichy"]

1. d4 Nf6 2. Bg5 c5 3. Bxf6 exf6 4. e3 Qb6 5. Nc3 Qxb2 6. Nd5 Qa3 7. Qg4 cxd4
8. Qxd4 Nc6 9. Qe4+ Be7 10. Bd3 d6 11. Nxe7 Nxe7 12. Nf3 f5 13. Qh4 Qa5+ 14.
Ke2 Ng6 15. Qh5 Ne5 16. Nd4 Nxd3 17. cxd3 O-O 18. Rhb1 b6 19. a4 Bd7 20. Qg5
Qe5 21. Rb4 Rac8 22. Rab1 Rc3 23. g3 Rfc8 24. h4 h6 25. Qf4 Qxf4 26. gxf4 Ra3
27. h5 Bxa4 28. Nxf5 Rc2+ 29. Kf1 Raa2 0-1

[Event "TOP 16 2010"]
[Site "Guingamp"]
[Date "2010.06.06"]
[Round "11.7"]
[White "Pujos, Stephane"]
[Black "Congiu, Mathilde"]
[Result "0-1"]
[WhiteElo "2311"]
[BlackElo "2175"]
[PlyCount "66"]
[EventDate "6.??.??"]
[WhiteTeam "Clichy"]
[BlackTeam "Vandoeuvre"]

1. b3 e5 2. Bb2 Nc6 3. e3 Nf6 4. Bb5 Bd6 5. Na3 a6 6. Bxc6 dxc6 7. Nc4 Qe7 8.
Ne2 Bd7 9. O-O O-O-O 10. d3 h5 11. Qd2 Ng4 12. f3 Qh4 13. Nxd6+ cxd6 14. fxg4
hxg4 15. h3 gxh3 16. g3 h2+ 17. Kh1 Qh5 18. Rf2 Bh3 19. e4 d5 20. exd5 Rxd5 21.
Re1 Rd6 22. Qe3 Rf6 23. Nc3 Rxf2 24. Qxf2 Bg4 25. Re3 f5 26. Nb1 e4 27. Nd2 Bh3
28. Bxg7 Qd1+ 29. Nf1 Bxf1 30. Qxf5+ Kb8 31. Qe5+ Ka8 32. Bxh8 Bg2+ 33. Kxh2
Qh1# 0-1

[Event "TOP 16 2010"]
[Site "Guingamp"]
[Date "2010.06.06"]
[Round "11.8"]
[White "Steil-Antoni, Fiona"]
[Black "Silva Lillo, Sebastian"]
[Result "1-0"]
[WhiteElo "2186"]
[BlackElo "2334"]
[PlyCount "51"]
[EventDate "6.??.??"]
[WhiteTeam "Vandoeuvre"]
[BlackTeam "Clichy"]

1. e4 c5 2. c3 Nf6 3. e5 Nd5 4. d4 cxd4 5. cxd4 d6 6. Nf3 Nc6 7. Bc4 Nb6 8. Bb3
e6 9. O-O Be7 10. Nc3 O-O 11. Qe2 d5 12. a3 f5 13. exf6 Bxf6 14. Rd1 Bd7 15.
Bc2 Qe8 16. Bg5 Qh5 17. Bxf6 gxf6 18. Kh1 Kh8 19. g4 Qxg4 20. Rg1 Qh5 21. Rg3
Rg8 22. Ne5 Qe8 23. Rxg8+ Kxg8 24. Rg1+ Kh8 25. Qg4 Qe7 26. Ng6+ 1-0

[Event "TOP 16 2010"]
[Site "Guingamp"]
[Date "2010.06.06"]
[Round "11.1"]
[White "Svetushkin, Dmitry"]
[Black "Miton, Kamil"]
[Result "0-1"]
[WhiteElo "2547"]
[BlackElo "2608"]
[PlyCount "43"]
[EventDate "6.??.??"]
[WhiteTeam "Metz Fischer"]
[BlackTeam "Marseille Echecs"]

1. e4 {[%emt 0:00:00]} c5 2. Nf3 d6 3. d4 cxd4 4. Nxd4 Nf6 5. Nc3 Bd7 6. Bg5 e6
7. Qd2 a6 8. O-O-O b5 9. f3 Be7 10. Be3 b4 11. Nce2 e5 12. Nf5 Bxf5 13. exf5 d5
14. f4 Nc6 15. fxe5 Nxe5 16. Nf4 Qa5 17. Kb1 O-O 18. Nxd5 Nxd5 19. Qxd5 Rad8
20. Qxa5 Rxd1+ 21. Bc1 Bg5 22. a4 {suite illisible} 0-1

[Event "TOP 16 2010"]
[Site "Guingamp"]
[Date "2010.06.06"]
[Round "11.2"]
[White "Bacrot, Etienne"]
[Black "Iordachescu, Viorel"]
[Result "1-0"]
[WhiteElo "2710"]
[BlackElo "2619"]
[PlyCount "83"]
[EventDate "6.??.??"]
[WhiteTeam "Marseille Echecs"]
[BlackTeam "Metz Fischer"]

1. e4 c6 2. d4 d5 3. exd5 cxd5 4. c4 Nf6 5. Nc3 g6 6. Qb3 Bg7 7. cxd5 O-O 8.
Nge2 Na6 9. g3 b5 10. Bg2 b4 11. Nd1 Rb8 12. Bf4 Rb5 13. Ne3 Bb7 14. a4 Ra5 15.
Be5 Nd7 16. Bxg7 Kxg7 17. Nf4 Nb6 18. O-O Qd7 19. Nd3 Rd8 20. Nxb4 Nxb4 21.
Qxb4 Ra6 22. d6 Bxg2 23. dxe7 Re8 24. Kxg2 Rxe7 25. Rfe1 Re4 26. Qb5 Qxb5 27.
axb5 Rxa1 28. Rxa1 Rxd4 29. Rxa7 Rb4 30. Rb7 Nc8 31. b3 Nd6 32. Rd7 Ne4 33. Nc4
Rxb5 34. Re7 Nc3 35. Nd6 Rxb3 36. Rxf7+ Kh6 37. Rf3 Ra3 38. Nc4 Rb3 39. Rd3 Kg7
40. h4 Kg8 41. Nd6 Ra3 42. Ne4 1-0

[Event "TOP 16 2010"]
[Site "Guingamp"]
[Date "2010.06.06"]
[Round "11.3"]
[White "Postny, Evgeny"]
[Black "Degraeve, Jean-Marc"]
[Result "1/2-1/2"]
[WhiteElo "2611"]
[BlackElo "2561"]
[PlyCount "57"]
[EventDate "6.??.??"]
[WhiteTeam "Metz Fischer"]
[BlackTeam "Marseille Echecs"]

1. d4 {[%emt 0:00:00]} d5 {[%emt 0:00:00]} 2. c4 c5 3. cxd5 Qxd5 4. Nf3 cxd4 5.
Nc3 Qa5 6. Nxd4 Nf6 7. g3 e5 8. Nb3 Qc7 9. Bg5 Bb4 10. Bxf6 Bxc3+ 11. bxc3 gxf6
12. Qd3 Qc6 13. Rd1 O-O 14. Rg1 Na6 15. g4 Be6 16. Bg2 Qc7 17. Be4 Rfd8 18. Qh3
Rxd1+ 19. Kxd1 Rd8+ 20. Ke1 Qd6 21. Qxh7+ Kf8 22. Qh6+ Ke7 23. Qc1 Nb4 24. Nd2
Nxa2 25. Qb2 b5 26. Rg3 b4 27. Rd3 Qb6 28. Rxd8 Kxd8 29. cxb4 1/2-1/2

[Event "TOP 16 2010"]
[Site "Guingamp"]
[Date "2010.06.06"]
[Round "11.5"]
[White "Koch, Jean-Rene"]
[Black "Gozzoli, Yannick"]
[Result "0-1"]
[WhiteElo "2483"]
[BlackElo "2524"]
[PlyCount "68"]
[EventDate "6.??.??"]
[WhiteTeam "Metz Fischer"]
[BlackTeam "Marseille Echecs"]

1. e4 e5 2. f4 Bc5 3. Nf3 d6 4. Nc3 Nf6 5. Bc4 Nc6 6. d3 O-O 7. f5 Nd4 8. Bg5
c6 9. a3 b5 10. Ba2 a5 11. Ne2 Nxf3+ 12. gxf3 Qb6 13. Ng3 Kh8 14. Qe2 b4 15. a4
Bd4 16. Rb1 Ra7 17. Qg2 Be3 18. Nf1 Bxg5 19. Qxg5 h6 20. Qh4 Qd4 21. Kd2 d5 22.
Ne3 Rd7 23. Rhg1 Rg8 24. Ke2 Ba6 25. Kf2 Bc4 26. Rg3 Rd6 27. Rbg1 Kh7 28. Rh3
Ne8 29. Bb1 Ba6 30. Rg4 dxe4 31. Rxe4 Qxb2 32. f4 Rxd3 33. fxe5 Rd2+ 34. Ke1
Qc1+ 0-1

[Event "TOP 16 2010"]
[Site "Guingamp"]
[Date "2010.06.06"]
[Round "11.6"]
[White "Marzolo, Cyril"]
[Black "Collas, Silvia"]
[Result "1-0"]
[WhiteElo "2452"]
[BlackElo "2314"]
[PlyCount "73"]
[EventDate "6.??.??"]
[WhiteTeam "Marseille Echecs"]
[BlackTeam "Metz Fischer"]

1. d4 {[%emt 0:00:00]} d5 2. Nf3 e6 3. c4 c6 4. Qc2 dxc4 5. Qxc4 Nf6 6. Bg5 b6
7. Nc3 Be7 8. e4 Ba6 9. Qb3 Bxf1 10. Rxf1 O-O 11. O-O-O a5 12. Qc2 Na6 13. Kb1
b5 14. Rc1 b4 15. Na4 b3 16. axb3 Nb4 17. Qe2 Nd7 18. Bd2 Qb8 19. Bxb4 Qxb4 20.
Qc4 Rfc8 21. Qxb4 axb4 22. Rc4 Rc7 23. Rfc1 Ra6 24. Ne1 f5 25. e5 Ra5 26. Nd3
Rb5 27. Rxc6 Rxc6 28. Rxc6 Kf7 29. Kc2 g5 30. Ndc5 Nf8 31. Kd3 Ng6 32. g3 h5
33. Kc4 Rb8 34. Nxe6 g4 35. Nec5 h4 36. Nd3 Rd8 37. d5 1-0

[Event "TOP 16 2010"]
[Site "Guingamp"]
[Date "2010.06.06"]
[Round "11.7"]
[White "Taddei, Benoit"]
[Black "Delorme, Laurie"]
[Result "0-1"]
[WhiteElo "2311"]
[BlackElo "2232"]
[PlyCount "108"]
[EventDate "6.??.??"]
[WhiteTeam "Metz Fischer"]
[BlackTeam "Marseille Echecs"]

1. e4 {[%emt 0:00:00]} e5 {[%emt 0:00:00]} 2. Nf3 Nc6 3. Bc4 Nf6 4. Ng5 d5 5.
exd5 Na5 6. Bb5+ c6 7. dxc6 bxc6 8. Bd3 Bc5 9. O-O Bg4 10. Qe1 O-O 11. Nc3 Bd4
12. Be2 Bf5 13. d3 Re8 14. Nce4 Nd5 15. Nf3 Nb7 16. Qd1 Bb6 17. Re1 Nd6 18. Bf1
Bxe4 19. dxe4 Nf6 20. Be3 Nfxe4 21. Nd2 Nf6 22. Nc4 Nxc4 23. Bxc4 Bxe3 24. Rxe3
Qb6 25. Rb3 Qc5 26. Qe2 Rad8 27. Re1 Rd4 28. Rc3 Qd6 29. h3 g6 30. Bb3 Kg7 31.
Qa6 Rd1 32. Rxd1 Qxd1+ 33. Qf1 Qd6 34. Qc4 Re7 35. Qxc6 Qd1+ 36. Kh2 Qd2 37.
Rf3 Qg5 38. g3 e4 39. Re3 Qe5 40. Qc3 Qd6 41. Bc4 h5 42. Kg2 h4 43. g4 Kh7 44.
Qa5 Qf4 45. Be2 Re5 46. Qxa7 Nd5 47. c4 Re7 48. Qd4 Nxe3+ 49. Qxe3 Qe5 50. g5
Qxb2 51. c5 Qxa2 52. Bd1 Qd5 53. Bc2 Re5 54. c6 Qxc6 0-1

[Event "TOP 16 2010"]
[Site "Guingamp"]
[Date "2010.06.06"]
[Round "11.8"]
[White "Guadalpi, David"]
[Black "Pucher, Olivier"]
[Result "1-0"]
[WhiteElo "2303"]
[BlackElo "2337"]
[PlyCount "117"]
[EventDate "6.??.??"]
[WhiteTeam "Marseille Echecs"]
[BlackTeam "Metz Fischer"]

1. d4 Nf6 2. c4 e6 3. Nf3 c5 4. d5 exd5 5. cxd5 d6 6. e4 g6 7. Bd3 Bg7 8. O-O
O-O 9. h3 Re8 10. Re1 a6 11. a4 Nbd7 12. Bg5 h6 13. Bh4 c4 14. Bc2 Qb6 15. Nbd2
Qc5 16. Nf1 Nh5 17. Rb1 b5 18. b4 cxb3 19. Bxb3 Ne5 20. Nxe5 Bxe5 21. Qf3 Bd7
22. Rec1 Qb6 23. Ne3 Rac8 24. axb5 axb5 25. Ng4 Bg7 26. Ne3 Qd4 27. Rxc8 Rxc8
28. Be7 Qe5 29. Bh4 Nf6 30. Bc2 Rc3 31. Bg3 Qe7 32. Qf4 Ne8 33. Qf3 Bd4 34. Rb3
Rc8 35. Bd3 Nf6 36. Bf4 Rc1+ 37. Kh2 Nh5 38. Nf5 Bxf5 39. Bxc1 Be5+ 40. Kg1 Qc7
41. Bxh6 Bd7 42. Bxb5 Qa5 43. Bf1 Nf6 44. Bf4 Qa1 45. Bxe5 Qxe5 46. Bd3 Kg7 47.
Rb7 Ba4 48. Qe3 Qa1+ 49. Rb1 Qc3 50. Rc1 Qb2 51. Rc4 Bb3 52. Qd4 Qd2 53. Rc3 g5
54. Kh2 Ba4 55. e5 dxe5 56. Qxe5 Qxf2 57. Qxg5+ Kf8 58. Rc8+ Ke7 59. Qe5+ 1-0

[Event "TOP 16 2010"]
[Site "Guingamp"]
[Date "2010.06.06"]
[Round "11.1"]
[White "Georgiev, Vladimir"]
[Black "Adla, Diego"]
[Result "1/2-1/2"]
[WhiteElo "2566"]
[BlackElo "2518"]
[PlyCount "39"]
[EventDate "6.??.??"]
[WhiteTeam "Mulhouse Philidor"]
[BlackTeam "Noyon"]

1. d4 Nf6 2. c4 g6 3. Nc3 d5 4. Nf3 Bg7 5. Bg5 Ne4 6. Bh4 Nxc3 7. bxc3 dxc4 8.
Qa4+ c6 9. Qxc4 Qa5 10. e3 Na6 11. Qb3 Nc5 12. Qb4 Qxb4 13. cxb4 Ne4 14. Bd3
Nd6 15. Rb1 Be6 16. a4 Ba2 17. Rb2 Bd5 18. O-O Kd7 19. Rc1 Rhc8 20. Ne5+
1/2-1/2

[Event "TOP 16 2010"]
[Site "Guingamp"]
[Date "2010.06.06"]
[Round "11.2"]
[White "Aguettaz, Maxime"]
[Black "Wirig, Anthony"]
[Result "1/2-1/2"]
[WhiteElo "2404"]
[BlackElo "2491"]
[PlyCount "33"]
[EventDate "6.??.??"]
[WhiteTeam "Noyon"]
[BlackTeam "Mulhouse Philidor"]

1. c4 c5 2. Nc3 g6 3. g3 Bg7 4. Bg2 Nc6 5. e3 e6 6. Nge2 Nge7 7. d4 cxd4 8.
Nxd4 Nxd4 9. exd4 d5 10. cxd5 Nxd5 11. Nxd5 exd5 12. O-O O-O 13. Be3 Be6 14.
Qb3 Qb6 15. Rfd1 Rfd8 16. Qxb6 axb6 17. a3 1/2-1/2

[Event "TOP 16 2010"]
[Site "Guingamp"]
[Date "2010.06.06"]
[Round "11.3"]
[White "Sokolov, Andrei"]
[Black "Housieaux, David"]
[Result "1-0"]
[WhiteElo "2585"]
[BlackElo "2431"]
[PlyCount "103"]
[EventDate "6.??.??"]
[WhiteTeam "Mulhouse Philidor"]
[BlackTeam "Noyon"]

1. e4 e6 2. d4 d5 3. Nd2 Nf6 4. e5 Nfd7 5. Bd3 c5 6. c3 Nc6 7. Ngf3 Qb6 8. O-O
cxd4 9. cxd4 Nxd4 10. Nxd4 Qxd4 11. Nf3 Qb6 12. Qc2 h6 13. Bd2 Bb4 14. Bf4 g5
15. Be3 Bc5 16. Rfe1 d4 17. Bd2 g4 18. Nh4 Be7 19. g3 Bxh4 20. gxh4 Nc5 21. Bf1
Bd7 22. Rac1 Na4 23. b3 Nc3 24. Bxc3 dxc3 25. Qxc3 Bc6 26. Bg2 Bf3 27. Bxf3
gxf3 28. Qxf3 Rd8 29. Kh1 Rg8 30. Red1 Rxd1+ 31. Qxd1 Qd8 32. Qxd8+ Kxd8 33. h3
f6 34. exf6 Rf8 35. Kg2 Rxf6 36. Rc4 Rf5 37. Rg4 h5 38. Rg7 Kc8 39. Kg3 Rd5 40.
f3 a5 41. Kf4 a4 42. bxa4 Ra5 43. Re7 Rxa4+ 44. Kg5 Ra5+ 45. Kg6 e5 46. Rh7 e4
47. fxe4 Rxa2 48. Rxh5 Kd7 49. Rg5 Ra3 50. h5 Rxh3 51. h6 Ke7 52. Kg7 1-0

[Event "TOP 16 2010"]
[Site "Guingamp"]
[Date "2010.06.06"]
[Round "11.4"]
[White "Clery, Nicolas"]
[Black "Abergel, Thal"]
[Result "1-0"]
[WhiteElo "2377"]
[BlackElo "2524"]
[PlyCount "141"]
[EventDate "6.??.??"]
[WhiteTeam "Noyon"]
[BlackTeam "Mulhouse Philidor"]

1. d4 Nf6 2. c4 e6 3. Nf3 c5 4. e3 b6 5. Bd3 Bb7 6. O-O d6 7. Nc3 Nbd7 8. b3
Be7 9. Bb2 O-O 10. d5 exd5 11. cxd5 Ne5 12. Nxe5 dxe5 13. Qc2 h6 14. Rad1 a6
15. a4 Bd6 16. e4 Ne8 17. g3 Nc7 18. Qe2 Bc8 19. Kh1 Bh3 20. Rg1 Bd7 21. f4 Qe8
22. Nb1 b5 23. Nd2 f6 24. a5 Qe7 25. f5 Rfc8 26. g4 Ne8 27. h4 Bc7 28. Nf3 Qf7
29. Rg3 Kf8 30. g5 hxg5 31. hxg5 Ke7 32. Kg2 Bd6 33. Bc1 Kd8 34. Be3 Kc7 35.
Bg1 Kb7 36. Rc1 Rc7 37. Qf2 Rac8 38. Bf1 Qe7 39. g6 Ka8 40. Ne1 c4 41. Qb6 Rb7
42. Qxa6+ Kb8 43. bxc4 Nc7 44. Qxb7+ Kxb7 45. cxb5 Nxb5 46. a6+ Ka8 47. Rxc8+
Bxc8 48. Bxb5 Bd7 49. Rc3 Qd8 50. Bxd7 Qxd7 51. Nd3 Qa4 52. Rc8+ Bb8 53. Nc5
Qa2+ 54. Bf2 Qe2 55. Kg3 Ka7 56. Rc6 Qb5 57. Na4+ Ka8 58. Nb6+ Ka7 59. Na4+ Ka8
60. Nc3 Qa5 61. Kf3 Qd8 62. Ke2 Ba7 63. Bxa7 Kxa7 64. Kd3 Qa5 65. Kc4 Kb8 66.
d6 Qd8 67. Nb5 Qg8+ 68. Kc5 Qf8 69. Rc7 Ka8 70. Kc6 Qd8 71. d7 1-0

[Event "TOP 16 2010"]
[Site "Guingamp"]
[Date "2010.06.06"]
[Round "11.5"]
[White "Riff, Jean-Noel"]
[Black "Nguyen, Chi-Minh"]
[Result "1-0"]
[WhiteElo "2499"]
[BlackElo "2406"]
[PlyCount "55"]
[EventDate "6.??.??"]
[WhiteTeam "Mulhouse Philidor"]
[BlackTeam "Noyon"]

1. e4 e6 2. d4 d5 3. Nc3 Nf6 4. e5 Nfd7 5. f4 c5 6. Nf3 Nc6 7. Be3 Qb6 8. Na4
Qa5+ 9. c3 cxd4 10. b4 Nxb4 11. cxb4 Bxb4+ 12. Bd2 Bxd2+ 13. Nxd2 O-O 14. Bd3
b5 15. Nb2 Nb6 16. O-O Nc4 17. Nbxc4 bxc4 18. Bxh7+ Kxh7 19. Qh5+ Kg8 20. Nf3
f6 21. Ng5 fxg5 22. fxg5 Rf5 23. Qe8+ Kh7 24. Qh5+ Kg8 25. g4 Rxf1+ 26. Rxf1
Qxa2 27. Qe8+ Kh7 28. g6+ 1-0

[Event "TOP 16 2010"]
[Site "Guingamp"]
[Date "2010.06.06"]
[Round "11.6"]
[White "Gosset, Arnaud"]
[Black "Bricard, Emmanuel"]
[Result "0-1"]
[WhiteElo "2217"]
[BlackElo "2485"]
[PlyCount "68"]
[EventDate "6.??.??"]
[WhiteTeam "Noyon"]
[BlackTeam "Mulhouse Philidor"]

1. Nf3 f5 2. d4 e6 3. c4 Nf6 4. Nc3 Be7 5. g3 O-O 6. Bg2 d5 7. Bf4 c6 8. O-O
Nbd7 9. Qb3 Nh5 10. Rad1 Nxf4 11. gxf4 Kh8 12. Ne5 Bd6 13. cxd5 exd5 14. Nb1
Nf6 15. Rd3 Nh5 16. e3 Qe7 17. Qd1 Nf6 18. Nd2 Be6 19. Qf3 Rg8 20. h4 g6 21.
Qh3 Rg7 22. Rc1 Rag8 23. Nb3 h6 24. Kf1 Rh7 25. h5 Nxh5 26. Nxg6+ Rxg6 27. Qxh5
Rhg7 28. Bh3 Bxf4 29. Ke2 Bg5 30. Nc5 Bc8 31. Ra3 f4 32. Rg1 fxe3 33. fxe3 b6
34. Rxg5 Qxg5 0-1

[Event "TOP 16 2010"]
[Site "Guingamp"]
[Date "2010.06.06"]
[Round "11.7"]
[White "Netzer, Jacques"]
[Black "Van Heirzeele, Daniel"]
[Result "0-1"]
[WhiteElo "2230"]
[BlackElo "2128"]
[PlyCount "76"]
[EventDate "6.??.??"]
[WhiteTeam "Mulhouse Philidor"]
[BlackTeam "Noyon"]

1. e4 c5 2. Nf3 d6 3. d4 cxd4 4. Nxd4 Nf6 5. Nc3 g6 6. g3 Nc6 7. Nde2 Bg7 8.
Bg2 O-O 9. h3 Rb8 10. a4 a6 11. O-O b5 12. axb5 axb5 13. Nd5 Nd7 14. c3 e6 15.
Ne3 Qc7 16. Nd4 Nxd4 17. cxd4 Bb7 18. d5 Nc5 19. dxe6 fxe6 20. Qg4 Qf7 21. Bd2
h5 22. Qe2 Bxe4 23. Bxe4 Nxe4 24. Bb4 Rfc8 25. Ra6 Qb7 26. Rfa1 Ra8 27. Rxa8
Rxa8 28. Rxa8+ Qxa8 29. Qxb5 Qa1+ 30. Kg2 Qxb2 31. Qe8+ Kh7 32. Be1 Qe5 33. Nc4
Qa1 34. Kf1 Qf6 35. Kg2 d5 36. Nd2 Nd6 37. Qc6 Nf7 38. Nf3 Qxf3+ 0-1